| Tag |
First Indicator |
Second Indicator |
Subfields |
| LEADER |
00000cam a2200000 4500 |
| 001 |
in00000022770 |
| 005 |
20151007064130.0 |
| 008 |
740823s1960 ctu 00000 eng u |
| 010 |
|
|
|a 60007255
|
| 035 |
|
|
|a (OCoLC)00988441
|
| 035 |
|
|
|9 AAD9130AM
|
| 040 |
|
|
|c HAM
|d TXA
|d UtOrBLW
|
| 049 |
|
|
|a TXAM
|c [353095]
|
| 050 |
|
0 |
|a PS3511.R237
|b O7
|
| 082 |
0 |
|
|a 811.54
|
| 092 |
|
|
|a 811
|b F8192o
|
| 100 |
1 |
|
|a Francis, Robert,
|d 1901-1987.
|
| 245 |
1 |
4 |
|a The orb weaver ;
|b poems.
|
| 250 |
|
|
|a [1st ed.].
|
| 264 |
|
1 |
|a Middletown, Conn. :
|b Wesleyan University Press,
|c [1960]
|
| 300 |
|
|
|a 63 pages ;
|c 21 cm.
|
| 336 |
|
|
|a text
|b txt
|2 rdacontent
|
| 337 |
|
|
|a unmediated
|b n
|2 rdamedia
|
| 338 |
|
|
|a volume
|b nc
|2 rdacarrier
|
| 999 |
|
|
|a MARS
|
| 999 |
f |
f |
|s b8e49f96-c200-3ef5-9509-bdbff0ddf3f6
|i 215dc188-c8d2-3521-a05d-1c18e9127b37
|t 0
|
| 952 |
f |
f |
|p ric
|a Texas A&M University
|b Rellis Campus
|c Joint Library Facility
|d Remote Storage
|t 0
|e PS3511.R237 O7
|h Library of Congress classification
|i unmediated -- volume
|m A14801215574
|
| 998 |
f |
f |
|a PS3511.R237 O7
|t 0
|l Remote Storage
|